[Event "Weekender - Master"]
[Site "Enniscrone, Sligo, IE"]
[Date "2026.01.31"]
[Round "3"]
[White "Hushpit, Lukian"]
[Black "Gajcin, Jasmina"]
[Result "1-0"]
[Board "4"]
[WhiteFideId "14189208"]
[BlackFideId "939030"]
[BlackTitle "WCM"]
[WhiteElo "2097"]
[BlackElo "1914"]
[WhiteTeam "IRL"]
[BlackTeam "SRB"]
[WhiteClock "0:03:18"]
[BlackClock "0:01:46"]
[Variant "Standard"]

1. e4 {[%clk 1:30:58]}  e5 {[%clk 1:28:45]} 2. Nf3 {[%clk 1:31:22]}  Nf6 {[%clk 1:29:03]} 3. Nxe5 {[%clk 1:31:28]}  d6 {[%clk 1:29:27]} 4. Nf3 {[%clk 1:31:50]}  Nxe4 {[%clk 1:29:51]} 5. Nc3 {[%clk 1:31:02]}  Nxc3 {[%clk 1:29:15]} 6. bxc3 {[%clk 1:31:27]}  Be7 {[%clk 1:22:39]} 7. d4 {[%clk 1:30:36]}  d5 {[%clk 1:21:55]} 8. Bd3 {[%clk 1:30:11]}  O-O {[%clk 1:17:08]} 9. O-O {[%clk 1:28:40]}  Nd7 {[%clk 1:11:14]} 10. Re1 {[%clk 1:23:44]}  c5 {[%clk 1:04:21]} 11. Bf4 {[%clk 1:22:23]}  Nf6 {[%clk 0:54:54]} 12. Ne5 {[%clk 1:19:52]}  c4 {[%clk 0:49:37]} 13. Bf1 {[%clk 1:20:00]}  Bd6 {[%clk 0:33:56]} 14. Qf3 {[%clk 1:09:47]}  Qc7 {[%clk 0:26:43]} 15. h3 {[%clk 0:54:41]}  Ne4 {[%clk 0:18:09]} 16. Bc1 {[%clk 0:40:35]}  Bxe5 {[%clk 0:08:35]} 17. dxe5 {[%clk 0:40:39]}  Qxe5 {[%clk 0:08:14]} 18. Ba3 {[%clk 0:38:45]}  Rd8 {[%clk 0:06:21]} 19. Rad1 {[%clk 0:34:16]}  Bf5 {[%clk 0:03:07]} 20. Rd4 {[%clk 0:33:46]}  Bg6 {[%clk 0:01:25]} 21. Qe3 {[%clk 0:30:05]}  Qf5 {[%clk 0:00:41]} 22. Red1 {[%clk 0:29:20]}  Nf6 {[%clk 0:00:42]} 23. Qg3 {[%clk 0:15:49]}  b5 {[%clk 0:00:42]} 24. Qh4 {[%clk 0:08:26]}  Re8 {[%clk 0:00:42]} 25. R4d2 {[%clk 0:08:03]}  Re4 {[%clk 0:00:44]} 26. Qg3 {[%clk 0:08:11]}  Re6 {[%clk 0:00:45]} 27. f3 {[%clk 0:06:20]}  Rae8 {[%clk 0:00:39]} 28. Bc5 {[%clk 0:05:50]}  a6 {[%clk 0:00:35]} 29. Bd4 {[%clk 0:05:47]}  Nh5 {[%clk 0:00:39]} 30. Qh4 {[%clk 0:05:24]}  Nf4 {[%clk 0:00:48]} 31. g4 {[%clk 0:05:21]}  Nxh3+ {[%clk 0:00:39]} 32. Qxh3 {[%clk 0:05:21]}  Qg5 {[%clk 0:00:40]} 33. Qg3 {[%clk 0:04:50]}  f5 {[%clk 0:00:38]} 34. f4 {[%clk 0:02:13]}  Qxg4 {[%clk 0:00:47]} 35. Qxg4 {[%clk 0:02:39]}  fxg4 {[%clk 0:01:13]} 36. Be5 {[%clk 0:02:48]}  Be4 {[%clk 0:01:05]} 37. Bg2 {[%clk 0:03:14]}  g5 {[%clk 0:00:59]} 38. Bxe4 {[%clk 0:02:35]}  dxe4 {[%clk 0:01:22]} 39. Rd8 {[%clk 0:01:31]}  gxf4 {[%clk 0:01:03]} 40. Rxe8+ {[%clk 0:01:44]}  Rxe8 {[%clk 0:01:28]} 41. Bxf4 {[%clk 0:02:10]}  Rf8 {[%clk 0:01:21]} 42. Rf1 {[%clk 0:02:21]}  h5 {[%clk 0:01:13]} 43. Bg3 {[%clk 0:00:48]}  Rxf1+ {[%clk 0:00:38]} 44. Kxf1 {[%clk 0:01:14]}  Kf7 {[%clk 0:00:51]} 45. Ke2 {[%clk 0:01:19]}  Ke6 {[%clk 0:01:10]} 46. Ke3 {[%clk 0:01:24]}  Kd5 {[%clk 0:00:42]} 47. Kf4 {[%clk 0:01:34]}  a5 {[%clk 0:00:45]} 48. a3 {[%clk 0:01:51]}  b4 {[%clk 0:00:37]} 49. cxb4 {[%clk 0:02:10]}  axb4 {[%clk 0:01:01]} 50. axb4 {[%clk 0:02:36]}  c3 {[%clk 0:00:39]} 51. Ke3 {[%clk 0:01:26]}  Kc4 {[%clk 0:00:43]} 52. Bd6 {[%clk 0:01:48]}  h4 {[%clk 0:00:54]} 53. Kxe4 {[%clk 0:02:08]}  g3 {[%clk 0:00:40]} 54. Kf3 {[%clk 0:02:31]}  Kd5 {[%clk 0:00:49]} 55. Be7 {[%clk 0:02:50]}  Kc4 {[%clk 0:00:47]} 56. Kg2 {[%clk 0:02:20]}  Kb5 {[%clk 0:01:10]} 57. Bc5 {[%clk 0:02:26]}  Kc4 {[%clk 0:01:28]} 58. Kh3 {[%clk 0:02:47]}  Kb5 {[%clk 0:00:47]} 59. Kxh4 {[%clk 0:02:23]}  g2 {[%clk 0:01:11]} 60. Kg3 {[%clk 0:02:49]}  g1=Q+ {[%clk 0:01:07]} 61. Bxg1 {[%clk 0:03:14]}  Kxb4 {[%clk 0:01:35]} 62. Kf3 {[%clk 0:03:38]}  Ka3 {[%clk 0:01:46]} 63. Ke4 {[%clk 0:03:18]} 1-0

[Event "Weekender - Master"]
[Site "Enniscrone, Sligo, IE"]
[Date "2026.01.31"]
[Round "3"]
[White "Van den Bosse, Bart"]
[Black "Barnes, Oliver"]
[Result "0-1"]
[Board "5"]
[WhiteFideId "1035959"]
[BlackFideId "2517604"]
[WhiteElo "1911"]
[BlackElo "2066"]
[WhiteTeam "NED"]
[BlackTeam "IRL"]
[WhiteClock "0:02:05"]
[BlackClock "0:01:31"]
[Variant "Standard"]

1. d4 {[%clk 1:30:58]}  Nf6 {[%clk 1:30:42]} 2. c4 {[%clk 1:31:16]}  e6 {[%clk 1:31:07]} 3. Nf3 {[%clk 1:31:36]}  d5 {[%clk 1:31:29]} 4. Nc3 {[%clk 1:31:46]}  Bb4 {[%clk 1:31:50]} 5. e3 {[%clk 1:27:16]}  O-O {[%clk 1:31:03]} 6. Bd3 {[%clk 1:27:04]}  dxc4 {[%clk 1:31:09]} 7. Bxc4 {[%clk 1:27:24]}  c5 {[%clk 1:31:28]} 8. O-O {[%clk 1:27:20]}  cxd4 {[%clk 1:30:14]} 9. exd4 {[%clk 1:25:25]}  b6 {[%clk 1:27:28]} 10. a3 {[%clk 1:21:32]}  Be7 {[%clk 1:26:39]} 11. Qd3 {[%clk 1:17:52]}  Bb7 {[%clk 1:25:10]} 12. Rd1 {[%clk 1:15:05]}  Nbd7 {[%clk 1:17:32]} 13. Bf4 {[%clk 1:09:27]}  Rc8 {[%clk 1:09:53]} 14. Bb3 {[%clk 1:05:21]}  a6 {[%clk 1:07:11]} 15. Bc2 {[%clk 1:02:32]}  Re8 {[%clk 1:05:43]} 16. Rac1 {[%clk 1:01:27]}  Nf8 {[%clk 1:05:37]} 17. Ne5 {[%clk 0:58:04]}  Nd5 {[%clk 0:59:26]} 18. Nxd5 {[%clk 0:54:03]}  Qxd5 {[%clk 0:58:41]} 19. Qg3 {[%clk 0:48:33]}  Ng6 {[%clk 0:56:21]} 20. Nxg6 {[%clk 0:42:55]}  hxg6 {[%clk 0:56:12]} 21. f3 {[%clk 0:38:51]}  Red8 {[%clk 0:49:46]} 22. Qf2 {[%clk 0:32:44]}  Bf6 {[%clk 0:45:35]} 23. Be5 {[%clk 0:30:12]}  Bxe5 {[%clk 0:34:58]} 24. dxe5 {[%clk 0:29:49]}  Qxe5 {[%clk 0:35:19]} 25. Bb3 {[%clk 0:20:16]}  Rxc1 {[%clk 0:26:34]} 26. Rxc1 {[%clk 0:20:36]}  Qg5 {[%clk 0:22:34]} 27. Re1 {[%clk 0:17:14]}  Rd2 {[%clk 0:19:57]} 28. Re2 {[%clk 0:15:57]}  Rxe2 {[%clk 0:20:06]} 29. Qxe2 {[%clk 0:16:19]}  Qc5+ {[%clk 0:20:30]} 30. Kf1 {[%clk 0:16:06]}  Bc6 {[%clk 0:19:36]} 31. Bc4 {[%clk 0:10:25]}  b5 {[%clk 0:17:16]} 32. Bd3 {[%clk 0:10:21]}  Qc1+ {[%clk 0:14:11]} 33. Kf2 {[%clk 0:10:31]}  Bd5 {[%clk 0:13:12]} 34. Qc2 {[%clk 0:10:04]}  Qf4 {[%clk 0:12:02]} 35. h3 {[%clk 0:08:55]}  Qd4+ {[%clk 0:10:05]} 36. Kf1 {[%clk 0:06:54]}  f5 {[%clk 0:07:48]} 37. Qc3 {[%clk 0:06:31]}  Qxc3 {[%clk 0:07:12]} 38. bxc3 {[%clk 0:06:59]}  Bc4 {[%clk 0:04:06]} 39. Bxc4 {[%clk 0:04:43]}  bxc4 {[%clk 0:04:35]} 40. f4 {[%clk 0:04:40]}  Kf7 {[%clk 0:04:14]} 41. Ke2 {[%clk 0:05:02]}  e5 {[%clk 0:02:13]} 42. Ke3 {[%clk 0:04:47]}  Ke6 {[%clk 0:02:09]} 43. h4 {[%clk 0:03:28]}  Kd5 {[%clk 0:00:58]} 44. g3 {[%clk 0:02:23]}  e4 {[%clk 0:00:58]} 45. Kd2 {[%clk 0:01:31]}  Kc6 {[%clk 0:01:11]} 46. Ke3 {[%clk 0:01:52]}  Kc5 {[%clk 0:00:56]} 47. Kd2 {[%clk 0:00:56]}  Kb5 {[%clk 0:01:10]} 48. Ke3 {[%clk 0:01:21]}  Ka4 {[%clk 0:01:08]} 49. Kd4 {[%clk 0:01:38]}  Kb3 {[%clk 0:01:08]} 50. a4 {[%clk 0:02:05]}  a5 {[%clk 0:01:31]} 0-1

[Event "Weekender - Master"]
[Site "Enniscrone, Sligo, IE"]
[Date "2026.01.31"]
[Round "3"]
[White "Murray, Benjamin"]
[Black "White, Nicole"]
[Result "1-0"]
[Board "6"]
[WhiteFideId "2512963"]
[BlackFideId "2520362"]
[WhiteElo "2047"]
[BlackElo "1911"]
[WhiteTeam "IRL"]
[BlackTeam "IRL"]
[WhiteClock "1:17:09"]
[BlackClock "1:12:27"]
[Variant "Standard"]

1. e4 {[%clk 1:30:52]}  c6 {[%clk 1:30:49]} 2. c4 {[%clk 1:31:07]}  d5 {[%clk 1:30:56]} 3. cxd5 {[%clk 1:31:27]}  cxd5 {[%clk 1:31:24]} 4. exd5 {[%clk 1:31:47]}  Qxd5 {[%clk 1:31:48]} 5. Nc3 {[%clk 1:32:09]}  Qd8 {[%clk 1:31:38]} 6. Nf3 {[%clk 1:32:08]}  Nf6 {[%clk 1:31:58]} 7. Bc4 {[%clk 1:32:12]}  e6 {[%clk 1:32:12]} 8. O-O {[%clk 1:32:28]}  Be7 {[%clk 1:32:14]} 9. d4 {[%clk 1:32:43]}  O-O {[%clk 1:32:27]} 10. Re1 {[%clk 1:30:55]}  Bb4 {[%clk 1:30:07]} 11. a3 {[%clk 1:30:00]}  Ba5 {[%clk 1:30:28]} 12. Bg5 {[%clk 1:29:56]}  Qc7 {[%clk 1:28:55]} 13. Qd3 {[%clk 1:28:31]}  Nbd7 {[%clk 1:27:57]} 14. Rac1 {[%clk 1:26:46]}  Qb8 {[%clk 1:23:47]} 15. Ba2 {[%clk 1:26:17]}  a6 {[%clk 1:23:41]} 16. b4 {[%clk 1:19:38]}  Bc7 {[%clk 1:18:39]} 17. d5 {[%clk 1:17:30]}  exd5 {[%clk 1:17:16]} 18. Nxd5 {[%clk 1:17:48]}  Nxd5 {[%clk 1:17:37]} 19. Qxd5 {[%clk 1:18:03]}  Bf4 {[%clk 1:15:36]} 20. Re8 {[%clk 1:16:33]}  h6 {[%clk 1:11:20]} 21. Qxf7+ {[%clk 1:16:01]}  Kh7 {[%clk 1:11:43]} 22. Bb1+ {[%clk 1:16:22]}  Kh8 {[%clk 1:12:03]} 23. Rxf8+ {[%clk 1:16:44]}  Nxf8 {[%clk 1:12:27]} 24. Qxf8# {[%clk 1:17:09]} 1-0

[Event "Weekender - Master"]
[Site "Enniscrone, Sligo, IE"]
[Date "2026.01.31"]
[Round "3"]
[White "O`cuilleanain, Oisin"]
[Black "Blijlevens, Pim"]
[Result "1-0"]
[Board "7"]
[WhiteFideId "2514249"]
[BlackFideId "1022997"]
[WhiteElo "2146"]
[BlackElo "1942"]
[WhiteTeam "IRL"]
[BlackTeam "NED"]
[WhiteClock "1:02:02"]
[BlackClock "0:27:48"]
[Variant "Standard"]

1. e4 {[%clk 1:25:11]}  e6 {[%clk 1:30:49]} 2. d4 {[%clk 1:25:25]}  d5 {[%clk 1:31:08]} 3. Nc3 {[%clk 1:25:27]}  Bb4 {[%clk 1:31:27]} 4. Qd3 {[%clk 1:25:50]}  dxe4 {[%clk 1:30:03]} 5. Qxe4 {[%clk 1:26:03]}  Nf6 {[%clk 1:29:27]} 6. Qh4 {[%clk 1:26:27]}  c5 {[%clk 1:25:34]} 7. dxc5 {[%clk 1:26:53]}  Bxc5 {[%clk 1:21:49]} 8. Nf3 {[%clk 1:26:29]}  Nc6 {[%clk 1:16:03]} 9. Bd2 {[%clk 1:26:39]}  O-O {[%clk 1:15:54]} 10. O-O-O {[%clk 1:25:57]}  Be7 {[%clk 1:02:48]} 11. Bd3 {[%clk 1:18:18]}  Nb4 {[%clk 0:58:09]} 12. Bg5 {[%clk 1:16:14]}  Nxd3+ {[%clk 0:57:32]} 13. Rxd3 {[%clk 1:16:36]}  Qa5 {[%clk 0:47:00]} 14. Ne4 {[%clk 1:14:30]}  Nxe4 {[%clk 0:36:46]} 15. Bxe7 {[%clk 1:14:26]}  Re8 {[%clk 0:36:22]} 16. Qxe4 {[%clk 1:10:55]}  Rxe7 {[%clk 0:36:38]} 17. Rhd1 {[%clk 1:10:33]}  Re8 {[%clk 0:35:53]} 18. Kb1 {[%clk 1:07:37]}  e5 {[%clk 0:35:04]} 19. Ng5 {[%clk 1:03:40]}  g6 {[%clk 0:34:36]} 20. Qh4 {[%clk 1:02:20]}  h5 {[%clk 0:34:21]} 21. Ne4 {[%clk 1:01:10]}  Rf8 {[%clk 0:28:33]} 22. Nf6+ {[%clk 1:01:23]}  Kg7 {[%clk 0:27:44]} 23. Nxh5+ {[%clk 1:01:40]}  gxh5 {[%clk 0:27:48]} 24. Qg5+ {[%clk 1:02:02]} 1-0

[Event "Weekender - Master"]
[Site "Enniscrone, Sligo, IE"]
[Date "2026.01.31"]
[Round "3"]
[White "O`Flaherty, Kevin"]
[Black "Woods, Yannick"]
[Result "0-1"]
[Board "8"]
[WhiteFideId "2502283"]
[BlackFideId "2518384"]
[WhiteElo "1962"]
[BlackElo "2023"]
[WhiteTeam "IRL"]
[BlackTeam "IRL"]
[WhiteClock "0:00:59"]
[BlackClock "0:00:48"]
[Variant "Standard"]

1. Nf3 {[%clk 1:30:50]}  Nf6 {[%clk 1:30:55]} 2. d4 {[%clk 1:31:09]}  d5 {[%clk 1:30:53]} 3. Bf4 {[%clk 1:31:25]}  c5 {[%clk 1:31:05]} 4. e3 {[%clk 1:31:48]}  Nc6 {[%clk 1:31:21]} 5. c3 {[%clk 1:31:57]}  Qb6 {[%clk 1:31:39]} 6. Qc1 {[%clk 1:27:25]}  g6 {[%clk 1:23:07]} 7. Na3 {[%clk 1:24:41]}  a6 {[%clk 1:16:07]} 8. Nc2 {[%clk 1:19:11]}  Bg7 {[%clk 1:15:09]} 9. h3 {[%clk 1:13:29]}  O-O {[%clk 1:15:09]} 10. g4 {[%clk 1:11:05]}  Nd7 {[%clk 1:12:56]} 11. Bg2 {[%clk 1:07:50]}  Rd8 {[%clk 1:00:08]} 12. O-O {[%clk 1:06:16]}  e5 {[%clk 0:56:17]} 13. Bg3 {[%clk 1:05:09]}  e4 {[%clk 0:48:35]} 14. Nh2 {[%clk 1:00:57]}  Bh6 {[%clk 0:44:45]} 15. Qd2 {[%clk 0:58:35]}  cxd4 {[%clk 0:39:58]} 16. cxd4 {[%clk 0:58:25]}  Nf8 {[%clk 0:35:45]} 17. Bh4 {[%clk 0:47:52]}  Re8 {[%clk 0:34:35]} 18. g5 {[%clk 0:44:56]}  Qd8 {[%clk 0:33:36]} 19. f4 {[%clk 0:42:56]}  Bf5 {[%clk 0:32:23]} 20. Be1 {[%clk 0:38:09]}  Bg7 {[%clk 0:32:51]} 21. h4 {[%clk 0:38:12]}  Ne6 {[%clk 0:25:52]} 22. Bf2 {[%clk 0:34:08]}  Rc8 {[%clk 0:23:11]} 23. Rfc1 {[%clk 0:31:27]}  Bf8 {[%clk 0:20:10]} 24. Bf1 {[%clk 0:28:30]}  Qb6 {[%clk 0:19:39]} 25. Rab1 {[%clk 0:15:38]}  Na5 {[%clk 0:13:48]} 26. b3 {[%clk 0:13:42]}  Rc7 {[%clk 0:07:00]} 27. Be1 {[%clk 0:12:45]}  Nc6 {[%clk 0:07:28]} 28. b4 {[%clk 0:11:51]}  Rec8 {[%clk 0:07:06]} 29. b5 {[%clk 0:10:42]}  axb5 {[%clk 0:05:57]} 30. Bxb5 {[%clk 0:05:57]}  Ncxd4 {[%clk 0:04:21]} 31. Bd7 {[%clk 0:03:25]}  Qa6 {[%clk 0:01:02]} 32. Bxc8 {[%clk 0:02:25]}  Ne2+ {[%clk 0:01:14]} 33. Kf2 {[%clk 0:01:57]}  Nxc1 {[%clk 0:01:38]} 34. Rxc1 {[%clk 0:01:55]}  Rxc8 {[%clk 0:02:01]} 35. Nb4 {[%clk 0:00:33]}  Bxb4 {[%clk 0:00:57]} 36. Rxc8+ {[%clk 0:00:54]}  Nf8 {[%clk 0:01:25]} 37. Qxb4 {[%clk 0:01:00]}  Bxc8 {[%clk 0:01:53]} 38. Qb2 {[%clk 0:00:56]}  d4 {[%clk 0:00:32]} 39. Qxd4 {[%clk 0:00:35]}  Qxa2+ {[%clk 0:01:00]} 40. Kg3 {[%clk 0:00:34]}  Qe6 {[%clk 0:00:58]} 41. Nf1 {[%clk 0:00:31]}  Qh3+ {[%clk 0:00:39]} 42. Kf2 {[%clk 0:00:59]}  Qf3+ {[%clk 0:00:48]} 0-1

[Event "Weekender - Master"]
[Site "Enniscrone, Sligo, IE"]
[Date "2026.01.31"]
[Round "3"]
[White "Ashworth, Michael"]
[Black "Haque, Mustakim-Ul"]
[Result "1-0"]
[Board "9"]
[WhiteFideId "425044"]
[BlackFideId "2509334"]
[WhiteElo "2019"]
[BlackElo "1967"]
[WhiteTeam "ENG"]
[BlackTeam "IRL"]
[WhiteClock "0:43:47"]
[BlackClock "0:38:23"]
[Variant "Standard"]

1. d4 {[%clk 1:30:57]}  Nf6 {[%clk 1:27:19]} 2. c4 {[%clk 1:31:10]}  e6 {[%clk 1:27:44]} 3. Nf3 {[%clk 1:31:21]}  d5 {[%clk 1:27:32]} 4. Nc3 {[%clk 1:29:32]}  Bb4 {[%clk 1:26:20]} 5. Bg5 {[%clk 1:28:21]}  h6 {[%clk 1:26:21]} 6. Bxf6 {[%clk 1:28:00]}  Qxf6 {[%clk 1:26:44]} 7. e3 {[%clk 1:27:31]}  O-O {[%clk 1:26:22]} 8. Rc1 {[%clk 1:21:56]}  Nc6 {[%clk 1:20:34]} 9. a3 {[%clk 1:14:13]}  Bxc3+ {[%clk 1:19:51]} 10. Rxc3 {[%clk 1:14:33]}  Re8 {[%clk 1:19:27]} 11. Be2 {[%clk 1:06:09]}  dxc4 {[%clk 1:17:48]} 12. Bxc4 {[%clk 1:05:16]}  Bd7 {[%clk 1:15:25]} 13. O-O {[%clk 1:03:37]}  Rad8 {[%clk 1:12:48]} 14. Bb5 {[%clk 0:53:28]}  e5 {[%clk 1:00:31]} 15. Nxe5 {[%clk 0:48:06]}  Nxe5 {[%clk 0:58:41]} 16. dxe5 {[%clk 0:48:31]}  Qe7 {[%clk 0:54:16]} 17. Rxc7 {[%clk 0:44:31]}  Qxe5 {[%clk 0:38:49]} 18. Rxd7 {[%clk 0:44:34]}  Rc8 {[%clk 0:38:23]} 19. Rd5 {[%clk 0:43:47]} 1-0

[Event "Weekender - Master"]
[Site "Enniscrone, Sligo, IE"]
[Date "2026.01.31"]
[Round "3"]
[White "Duggan, Dylan"]
[Black "Halvorsen, Benjamin"]
[Result "1-0"]
[Board "10"]
[WhiteFideId "2535343"]
[BlackFideId "1516604"]
[WhiteElo "1904"]
[BlackElo "1995"]
[WhiteTeam "IRL"]
[BlackTeam "NOR"]
[WhiteClock "0:03:30"]
[BlackClock "0:05:42"]
[Variant "Standard"]

1. e4 {[%clk 1:30:57]}  c5 {[%clk 1:29:32]} 2. c3 {[%clk 1:31:21]}  Nf6 {[%clk 1:29:41]} 3. e5 {[%clk 1:31:45]}  Nd5 {[%clk 1:29:57]} 4. Nf3 {[%clk 1:32:09]}  Nc6 {[%clk 1:29:02]} 5. Bc4 {[%clk 1:32:30]}  Nb6 {[%clk 1:27:54]} 6. Bb3 {[%clk 1:32:54]}  c4 {[%clk 1:27:46]} 7. Bc2 {[%clk 1:33:18]}  d6 {[%clk 1:20:54]} 8. exd6 {[%clk 1:33:41]}  e6 {[%clk 1:19:35]} 9. Qe2 {[%clk 1:28:15]}  Bxd6 {[%clk 1:17:55]} 10. b3 {[%clk 1:27:37]}  cxb3 {[%clk 1:16:48]} 11. axb3 {[%clk 1:27:52]}  Nd5 {[%clk 1:15:24]} 12. d4 {[%clk 1:25:06]}  Nf4 {[%clk 1:08:03]} 13. Bxf4 {[%clk 1:24:16]}  Bxf4 {[%clk 1:08:26]} 14. O-O {[%clk 1:21:52]}  Qc7 {[%clk 1:07:16]} 15. Na3 {[%clk 1:16:26]}  a6 {[%clk 1:01:56]} 16. Qd3 {[%clk 1:08:43]}  Ne7 {[%clk 0:58:41]} 17. c4 {[%clk 1:03:53]}  Ng6 {[%clk 0:51:14]} 18. g3 {[%clk 0:57:23]}  Bh6 {[%clk 0:48:59]} 19. d5 {[%clk 0:55:16]}  exd5 {[%clk 0:41:04]} 20. Rfe1+ {[%clk 0:54:11]}  Be6 {[%clk 0:38:34]} 21. cxd5 {[%clk 0:54:06]}  O-O-O {[%clk 0:38:58]} 22. Nb5 {[%clk 0:30:06]}  Qc5 {[%clk 0:37:14]} 23. Na7+ {[%clk 0:28:53]}  Kb8 {[%clk 0:36:26]} 24. Nc6+ {[%clk 0:28:35]}  bxc6 {[%clk 0:31:26]} 25. Qxa6 {[%clk 0:27:26]}  Rxd5 {[%clk 0:30:07]} 26. Bxg6 {[%clk 0:25:12]}  hxg6 {[%clk 0:28:54]} 27. Qa8+ {[%clk 0:24:43]}  Kc7 {[%clk 0:29:15]} 28. Ra7+ {[%clk 0:24:11]}  Kd6 {[%clk 0:29:37]} 29. Qb7 {[%clk 0:24:35]}  Qxa7 {[%clk 0:25:19]} 30. Qxa7 {[%clk 0:24:55]}  Rd8 {[%clk 0:20:24]} 31. Qa3+ {[%clk 0:24:02]}  Kc7 {[%clk 0:20:28]} 32. Qa7+ {[%clk 0:23:43]}  Kc8 {[%clk 0:20:09]} 33. Qb6 {[%clk 0:23:09]}  R8d6 {[%clk 0:20:07]} 34. Ne5 {[%clk 0:21:14]}  Rd1 {[%clk 0:16:41]} 35. Rxd1 {[%clk 0:17:49]}  Rxd1+ {[%clk 0:17:05]} 36. Kg2 {[%clk 0:18:15]}  Bd5+ {[%clk 0:15:01]} 37. f3 {[%clk 0:17:05]}  Rc1 {[%clk 0:13:42]} 38. Qa6+ {[%clk 0:13:58]}  Kb8 {[%clk 0:13:57]} 39. Qd3 {[%clk 0:13:14]}  Kc7 {[%clk 0:12:31]} 40. Nc4 {[%clk 0:12:16]}  Ra1 {[%clk 0:11:46]} 41. Qe2 {[%clk 0:11:39]}  Kd8 {[%clk 0:10:34]} 42. Qe5 {[%clk 0:10:12]}  Ra2+ {[%clk 0:10:22]} 43. Kf1 {[%clk 0:09:58]}  Bxf3 {[%clk 0:05:21]} 44. Qb8+ {[%clk 0:10:16]}  Ke7 {[%clk 0:04:52]} 45. Qc7+ {[%clk 0:10:37]}  Ke6 {[%clk 0:04:50]} 46. Qd6+ {[%clk 0:10:50]}  Kf5 {[%clk 0:05:05]} 47. Qe5+ {[%clk 0:08:50]}  Kg4 {[%clk 0:05:28]} 48. Qd4+ {[%clk 0:09:07]}  Kf5 {[%clk 0:05:30]} 49. Qd3+ {[%clk 0:06:30]}  Be4 {[%clk 0:04:15]} 50. Nd6+ {[%clk 0:06:47]}  Ke5 {[%clk 0:04:39]} 51. Nxe4 {[%clk 0:07:08]}  Rxh2 {[%clk 0:04:25]} 52. Nf2 {[%clk 0:06:29]}  Rh5 {[%clk 0:04:39]} 53. g4 {[%clk 0:06:12]}  Rg5 {[%clk 0:04:54]} 54. Qc3+ {[%clk 0:05:58]}  Kd5 {[%clk 0:04:37]} 55. Qc4+ {[%clk 0:06:08]}  Ke5 {[%clk 0:05:00]} 56. Qc5+ {[%clk 0:06:07]}  Ke6 {[%clk 0:04:38]} 57. Qxc6+ {[%clk 0:06:28]}  Ke7 {[%clk 0:05:08]} 58. b4 {[%clk 0:06:18]}  f5 {[%clk 0:05:37]} 59. gxf5 {[%clk 0:05:50]}  Rxf5 {[%clk 0:05:22]} 60. b5 {[%clk 0:05:09]}  Rf6 {[%clk 0:05:12]} 61. Qc5+ {[%clk 0:04:30]}  Kd7 {[%clk 0:05:21]} 62. b6 {[%clk 0:04:45]}  Bf4 {[%clk 0:05:46]} 63. b7 {[%clk 0:03:28]}  Bc7 {[%clk 0:05:42]} 64. Qb5+ {[%clk 0:03:30]} 1-0

[Event "Weekender - Master"]
[Site "Enniscrone, Sligo, IE"]
[Date "2026.01.31"]
[Round "3"]
[White "Comley, Jamie"]
[Black "Ashworth, Robert"]
[Result "1/2-1/2"]
[Board "11"]
[WhiteFideId "2524260"]
[BlackFideId "426563"]
[WhiteElo "1960"]
[BlackElo "1917"]
[WhiteTeam "IRL"]
[BlackTeam "ENG"]
[WhiteClock "0:02:19"]
[BlackClock "0:01:22"]
[Variant "Standard"]

1. e4 {[%clk 1:29:21]}  e5 {[%clk 1:30:55]} 2. Nf3 {[%clk 1:29:45]}  Nc6 {[%clk 1:31:19]} 3. Bb5 {[%clk 1:30:10]}  a6 {[%clk 1:31:30]} 4. Ba4 {[%clk 1:30:35]}  Nf6 {[%clk 1:31:36]} 5. d4 {[%clk 1:29:11]}  exd4 {[%clk 1:30:18]} 6. O-O {[%clk 1:28:00]}  b5 {[%clk 1:27:16]} 7. Bb3 {[%clk 1:28:10]}  d6 {[%clk 1:27:03]} 8. Ng5 {[%clk 1:28:09]}  Ne5 {[%clk 1:21:38]} 9. f4 {[%clk 1:28:33]}  Nc4 {[%clk 1:17:49]} 10. e5 {[%clk 1:28:28]}  Ng4 {[%clk 1:12:08]} 11. Qxd4 {[%clk 1:21:22]}  d5 {[%clk 1:06:41]} 12. Bxc4 {[%clk 1:11:53]}  bxc4 {[%clk 1:06:50]} 13. Nc3 {[%clk 1:06:58]}  c6 {[%clk 1:03:43]} 14. f5 {[%clk 0:56:39]}  Nh6 {[%clk 0:53:07]} 15. f6 {[%clk 0:54:52]}  Nf5 {[%clk 0:46:01]} 16. Rxf5 {[%clk 0:33:49]}  Bxf5 {[%clk 0:45:54]} 17. Bd2 {[%clk 0:29:04]}  Rb8 {[%clk 0:29:32]} 18. Rf1 {[%clk 0:23:55]}  Bg6 {[%clk 0:18:27]} 19. Nxf7 {[%clk 0:18:31]}  Bxf7 {[%clk 0:14:29]} 20. e6 {[%clk 0:18:29]}  gxf6 {[%clk 0:11:28]} 21. exf7+ {[%clk 0:17:06]}  Kxf7 {[%clk 0:11:26]} 22. Qg4 {[%clk 0:12:33]}  h5 {[%clk 0:08:37]} 23. Qf5 {[%clk 0:12:16]}  Bc5+ {[%clk 0:07:09]} 24. Kh1 {[%clk 0:12:28]}  Bd4 {[%clk 0:06:53]} 25. Ne2 {[%clk 0:12:26]}  Bxb2 {[%clk 0:05:24]} 26. Nf4 {[%clk 0:11:57]}  Qc8 {[%clk 0:01:54]} 27. Qg6+ {[%clk 0:10:41]}  Ke7 {[%clk 0:01:45]} 28. Re1+ {[%clk 0:06:13]}  Be5 {[%clk 0:02:07]} 29. Nxh5 {[%clk 0:04:33]}  Qe6 {[%clk 0:01:31]} 30. Nf4 {[%clk 0:03:50]}  Rxh2+ {[%clk 0:00:37]} 31. Kxh2 {[%clk 0:02:56]}  Rh8+ {[%clk 0:01:04]} 32. Kg3 {[%clk 0:03:07]}  Rg8 {[%clk 0:00:51]} 33. Rxe5 {[%clk 0:02:16]}  fxe5 {[%clk 0:00:37]} 34. Nxe6 {[%clk 0:02:15]}  Rxg6+ {[%clk 0:01:01]} 35. Ng5 {[%clk 0:02:40]}  Kf6 {[%clk 0:01:02]} 36. Kh4 {[%clk 0:02:46]}  d4 {[%clk 0:00:37]} 37. g4 {[%clk 0:02:16]}  c3 {[%clk 0:00:47]} 38. Ne4+ {[%clk 0:02:28]}  Ke6 {[%clk 0:01:01]} 39. Bc1 {[%clk 0:02:15]}  Kd5 {[%clk 0:00:54]} 40. Kh5 {[%clk 0:02:34]}  Re6 {[%clk 0:01:09]} 41. Ng3 {[%clk 0:01:44]}  e4 {[%clk 0:01:21]} 42. g5 {[%clk 0:02:07]}  d3 {[%clk 0:01:21]} 43. Nf1 {[%clk 0:01:39]}  d2 {[%clk 0:00:47]} 44. Nxd2 {[%clk 0:01:43]}  cxd2 {[%clk 0:01:09]} 45. Bxd2 {[%clk 0:02:04]}  e3 {[%clk 0:00:44]} 46. Be1 {[%clk 0:02:29]}  Ke5 {[%clk 0:00:37]} 47. g6 {[%clk 0:01:47]}  Kf6 {[%clk 0:00:35]} 48. Bc3+ {[%clk 0:02:08]}  Ke7 {[%clk 0:00:48]} 49. Kh6 {[%clk 0:01:51]}  e2 {[%clk 0:01:03]} 50. Be1 {[%clk 0:02:06]}  Re3 {[%clk 0:00:38]} 51. Bh4+ {[%clk 0:01:24]}  Kf8 {[%clk 0:00:49]} 52. Kh7 {[%clk 0:01:33]}  Re7+ {[%clk 0:00:35]} 53. Kh8 {[%clk 0:00:05]}  e1=Q {[%clk 0:00:31]} 54. Bxe1 {[%clk 0:01:37]}  Rxe1 {[%clk 0:00:50]} 55. g7+ {[%clk 0:01:20]}  Ke7 {[%clk 0:01:10]} 56. g8=Q {[%clk 0:01:30]}  Rh1+ {[%clk 0:01:32]} 57. Kg7 {[%clk 0:01:32]}  Rg1 {[%clk 0:01:52]} 58. Kh7 {[%clk 0:01:54]}  Rxg8 {[%clk 0:02:15]} 59. Kxg8 {[%clk 0:02:19]}  Kd6 {[%clk 0:01:22]} 1/2-1/2